Zahraniční modely pojištění pro případ pracovního úrazu a nemoci z povolání
Prehľad poistenia pre prípad pracovného úrazu a choroby z povolania vo vybraných európskych krajinách. Oblasť, ktorá nie je jednotne upravená európskym právom. Tri systémy, ktoré existujú v členských krajinách EÚ. Charakteristika úrazového poistenia a varianty riešenia.
Salvato in:
| Autore principale: | |
|---|---|
| Natura: | Capitolo di libro |
| Lingua: | ceco |
| Soggetti: | |
| Tags: |
Nessun Tag, puoi essere il primo ad aggiungerne!!
|
MARC
| LEADER | 00000naa a2200000 4500 | ||
|---|---|---|---|
| 001 | 0147892 | ||
| 005 | 20220729110439.3 | ||
| 041 | 0 | |a cze | |
| 044 | |a CZ | ||
| 245 | 1 | 0 | |a Zahraniční modely pojištění pro případ pracovního úrazu a nemoci z povolání |c Jaroslav Mesršmíd |
| 520 | |a Prehľad poistenia pre prípad pracovného úrazu a choroby z povolania vo vybraných európskych krajinách. Oblasť, ktorá nie je jednotne upravená európskym právom. Tri systémy, ktoré existujú v členských krajinách EÚ. Charakteristika úrazového poistenia a varianty riešenia. | ||
| 610 | 2 | 0 | |a Česko |
| 610 | 2 | 0 | |a Európska únia |
| 610 | 2 | 0 | |a poisťovne |
| 610 | 2 | 0 | |a poisťovníctvo |
| 610 | 2 | 0 | |a poistenie úrazové |
| 610 | 2 | 0 | |a typy poistenia |
| 610 | 2 | 0 | |a úrazy pracovné |
| 610 | 2 | 0 | |a choroby z povolania |
| 610 | 2 | 0 | |a ochrana poistná |
| 610 | 2 | 0 | |a riziko poistné |
| 100 | 1 | |a Mesršmíd, Jaroslav | |